El régimen de la tierra en el reino asturleonés hace mil años / (Record no. 137419)

MARC details
000 -LEADER
campo de control de longitud fija 00725nam a2200193 i 4500
001 - NÚMERO DE CONTROL
campo de control 137419
003 - IDENTIFICADOR DE NÚMERO DE CONTROL
campo de control ES-MaACL
005 - FECHA Y HORA DE LA ÚLTIMA TRANSACCIÓN
campo de control 20250825231531.0
007 - CAMPO FIJO DE DESCRIPCIÓN FÍSICA--INFORMACIÓN GENERAL
campo de control de longitud fija t|
008 - DATOS DE LONGITUD FIJA--INFORMACIÓN GENERAL
campo de control de longitud fija 070214s1979 ag r ||||1| spa d
100 1# - ENTRADA PRINCIPAL--NOMBRE DE PERSONA
Nombre de persona Sánchez-Albornoz, Claudio,
Fechas asociadas al nombre 1893-1984
9 (RLIN) 102440
245 13 - MENCIÓN DEL TÍTULO
Título El régimen de la tierra en el reino asturleonés hace mil años /
Mención de responsabilidad, etc. Claudio Sánchez-Albornoz.
260 ## - PUBLICACIÓN, DISTRIBUCIÓN, ETC.
Lugar de publicación, distribución, etc. Buenos Aires :
Nombre del editor, distribuidor, etc. Instituto de Historia de España,
Fecha de publicación, distribución, etc. 1979.
300 ## - DESCRIPCIÓN FÍSICA
Extensión XIV, 248 p. ;
Dimensiones 23 cm.
650 #7 - PUNTO DE ACCESO ADICIONAL DE MATERIA--TÉRMINO DE MATERIA
Término de materia o nombre geográfico como elemento de entrada Propiedad rústica-
Subdivisión geográfica Asturias (Comunidad Autónoma)
Fuente del encabezamiento o término
9 (RLIN) 164939
710 2# - ENTRADA AGREGADA--NOMBRE DE ENTIDAD CORPORATIVA
Nombre de entidad corporativa o nombre de jurisdicción como elemento de entrada Universidad de Buenos Aires.
Unidad subordinada Instituto de Historia de España.
9 (RLIN) 162611
852 ## - LOCALIZACIÓN
Ubicación ES-MaACL
Número de control de estantería A-10124
Holdings
Estatus retirado Estado de pérdida Estado de daño No para préstamo Biblioteca de origen Biblioteca actual Ubicación en estantería Fecha de adquisición Fuente de adquisición Total de préstamos Signatura topográfica completa Código de barras Visto por última vez Precio de reemplazo Tipo de ítem Koha
        Biblioteca del Ateneo de Madrid Biblioteca del Ateneo de Madrid Depósito 1 17/01/2008     A-10124 1143004 23/02/2023 23/02/2023 Libro impreso